Classical Mechanics with Maxima /

Guía para hacer cálculos algebraicos de la mecánica clásica con ayuda del programa Maxima. Aun sin las explicaciones de la aplicación computacional, sirve como un libro de texto de mecánica.

Guardado en:
Detalles Bibliográficos
Autor principal: Timberlake, Todd Keene (autor)
Otros autores: Mixon, J. Wilson, hijo (autor) (autor)
Formato: Libro
Idioma:Inglés
Publicado: Nueva York, EUA : Springer, 2016, c2016
Colección:(Undergraduate Lecture Notes in Physics)
Temas:
Etiquetas: Agrega una etiqueta
Sin etiquetas, Sé el primero en etiquetar este registro!

MARC

LEADER 00000nam^a2200000^a^4500
001 000380675
005 20250521000000.0
009 20260310120614.887
020 |a 978-1-4939-3206-1 
037 |a Acervo ITESO - Biblioteca 
041 |a ING 
082 |a 531. 0285  |b TIM 
100 |a Timberlake, Todd Keene  |e (autor) 
245 1 0 |a Classical Mechanics with Maxima /  |c T.K. Timberlake, J.W. Mixon, hijo. 
264 4 |a Nueva York, EUA :  |b Springer,  |c 2016, c2016 
300 |a XI, 258 p. 
336 |a texto  |b txt  |2 rdacontenido 
337 |a sin mediación  |b n  |2 rdamedio 
338 |a volumen  |b nc  |2 rdasoporte 
440 1 |a (Undergraduate Lecture Notes in Physics) 
520 |a Guía para hacer cálculos algebraicos de la mecánica clásica con ayuda del programa Maxima. Aun sin las explicaciones de la aplicación computacional, sirve como un libro de texto de mecánica. 
521 |a Peticiones 2016 Juan Diego Sánchez Torres 
649 |a XX 
650 |a Algebra 
650 |a Proceso Electrónico de Datos -  |x Tema Principal 
650 |a Paquetes (Software) 
650 |a Sistemas Computacionales 
650 |a Mecánica -  |x Tema Principal 
650 |a Física -  |x Teoría 
700 |a Mixon, J. Wilson,  |c hijo  |e (autor) 
910 |a Fondo General 
920 |a Impresos - Libros 
930 |a Colección General 
905 |a 101 
901 |a 0500275363  |b IT1  |c ACC  |i C152098  |u 20250521 
902 |a https://opac.biblio.iteso.mx/vufind/Record/000380675